<?xml version="1.0" encoding="UTF-8"?>
<record
    xmlns:xsi="http://www.w3.org/2001/XMLSchema-instance"
    xsi:schemaLocation="http://www.loc.gov/MARC21/slim http://www.loc.gov/standards/marcxml/schema/MARC21slim.xsd"
    xmlns="http://www.loc.gov/MARC21/slim">

  <leader>00680nam a22002657a 4500</leader>
  <controlfield tag="003">UA-OsUOA</controlfield>
  <controlfield tag="001"> 23689 </controlfield>
  <controlfield tag="007">ta</controlfield>
  <controlfield tag="008">20040127b un ||||| |||| 00| 0 ukr d</controlfield>
  <datafield tag="100" ind1=" " ind2=" ">
    <subfield code="a">&#x41A;&#x443;&#x437;&#x43D;&#x435;&#x446;&#x43E;&#x432; &#x412;.&#x413;.</subfield>
  </datafield>
  <datafield tag="700" ind1=" " ind2=" ">
    <subfield code="a">&#x41D;&#x435;&#x440;&#x443;&#x448;&#x435;&#x432;&#x430; &#x41B;.&#x413;.</subfield>
  </datafield>
  <datafield tag="090" ind1=" " ind2=" ">
    <subfield code="a">008(470+571)(091)</subfield>
    <subfield code="b">&#x41A;89</subfield>
  </datafield>
  <datafield tag="942" ind1=" " ind2=" ">
    <subfield code="c">BK</subfield>
  </datafield>
  <datafield tag="040" ind1=" " ind2=" ">
    <subfield code="a">UA-OsUOA</subfield>
    <subfield code="b">rus</subfield>
    <subfield code="c">UA-OsUOA</subfield>
    <subfield code="d">UA-OsUOA</subfield>
  </datafield>
  <datafield tag="245" ind1=" " ind2=" ">
    <subfield code="a">&#x412;&#x441;&#x435;&#x43B;&#x435;&#x43D;&#x43D;&#x430;&#x44F; &#x420;&#x43E;&#x441;&#x441;&#x438;&#x44F;: &#x438;&#x441;&#x442;&#x438;&#x43D;&#x44B; &#x438; &#x43C;&#x43D;&#x438;&#x43C;&#x43E;&#x441;&#x442;&#x438;</subfield>
  </datafield>
  <datafield tag="300" ind1=" " ind2=" ">
    <subfield code="a">340 &#x441;.</subfield>
  </datafield>
  <datafield tag="955" ind1=" " ind2=" ">
    <subfield code="a">0</subfield>
  </datafield>
  <datafield tag="041" ind1=" " ind2=" ">
    <subfield code="a">rus</subfield>
  </datafield>
  <datafield tag="080" ind1=" " ind2=" ">
    <subfield code="a">008(470+571)(091)</subfield>
  </datafield>
  <datafield tag="020" ind1=" " ind2=" ">
    <subfield code="a">966-7811-00-&#x425;</subfield>
  </datafield>
  <datafield tag="260" ind1=" " ind2=" ">
    <subfield code="a">&#x412;&#x438;&#x43D;&#x43D;&#x438;&#x446;&#x430;</subfield>
    <subfield code="b">&#x427;&#x41F; &#x423;&#x441;&#x430;&#x442;&#x44E;&#x43A;</subfield>
    <subfield code="c">2000</subfield>
  </datafield>
  <datafield tag="044" ind1=" " ind2=" ">
    <subfield code="a">UA</subfield>
  </datafield>
  <datafield tag="650" ind1=" " ind2="7">
    <subfield code="2">UDC</subfield>
  </datafield>
  <datafield tag="999" ind1=" " ind2=" ">
    <subfield code="c">309944</subfield>
    <subfield code="d">309944</subfield>
  </datafield>
  <datafield tag="952" ind1=" " ind2=" ">
    <subfield code="0">0</subfield>
    <subfield code="1">0</subfield>
    <subfield code="2">udc</subfield>
    <subfield code="4">0</subfield>
    <subfield code="7">0</subfield>
    <subfield code="a">102</subfield>
    <subfield code="b">102</subfield>
    <subfield code="d">2004-01-27</subfield>
    <subfield code="g">3.00</subfield>
    <subfield code="i">77020</subfield>
    <subfield code="l">0</subfield>
    <subfield code="o">008(470+571)(091) &#x41A;89</subfield>
    <subfield code="p">77020</subfield>
    <subfield code="r">2022-02-07 00:00:00</subfield>
    <subfield code="w">2004-01-27</subfield>
    <subfield code="y">BK</subfield>
  </datafield>
</record>
